000 00729cam a22002171a 4500
001 rc 01000198
003 DLC
005 20260227111859.0
008 751008s1891 nyuac 000 0deng
010 _arc 01000198
035 _a(OCoLC)1687045
040 _aDLC
_cNmPE
_dNmPE
_dMnHi
_dDLC
042 _apremarc
043 _an-us-nm
050 0 0 _aF796
_b.H2
100 1 _aHaines, Helen.
245 1 0 _aHistory of New Mexico :
_bfrom the Spanish conquest to the present time, 1530-1890 : with portraits and biographical sketches of its prominent people /
_cby Helen Haines.
260 _aNew York :
_bNew Mexico Historical Pub. Co.,
_c1891.
300 _axix, 631 p. :
_bill., ports. ;
_c24 cm.
651 0 _aNew Mexico
_xHistory.
999 _c51749
_d51749